00682 2200253 4500001002100000005001700021008004100038020001800079035002400097082001500121090002700136100002300163245004100186260003100227300002400258440002000282500002900302650002400331850001200355980001800367985000600385986001300391999002400404YOGYA-0209000005650020090227034036.0 ind  a979-21-0381-3 0010-020900000056500 a634.973 96 a634.973 96bMah TlDEP aMAHELDASWARA, Daru aTanaman jati emascDaru Maheldaswara aYogyakartabKanisiusc2004 a52 hlmbilusc21 cm a(Seri budidaya) aBibliografi : hlm. 51-52 aJati mas - Budidaya aYOPDYOG a25 April 2005 a1 aYRrthrev a2004-349 h CB-D. 11